000
00301nam a2200121Ia 4500
008
210430s9999 xx 000 0 und d
082
_a
621.402 S6931 T
100
_a
K.Soman
_9
54350
245
_a
Thermal Engineering
_c
K.Soman
260
_a
New Delhi
_b
PHI
_c
2011
300
_a
693 P
942
_c
BK
_2
ddc
999
_c
564910
_d
564910